Normal view
MARC view
Entry Personal Name
001 - CONTROL NUMBER
- control field: 32517
003 - CONTROL NUMBER IDENTIFIER
- control field: ARRUPE
005 - DATE AND TIME OF LATEST TRANSACTION
- control field: 20170612101430.0
008 - FIXED-LENGTH DATA ELEMENTS
- fixed length control field: 170612|| aca||aabn | a|a d
040 ## - CATALOGING SOURCE
- Original cataloging agency: ARRUPE
- Transcribing agency: ARRUPE
100 ## - HEADING--PERSONAL NAME
- Personal name: Madiebo, Alexander A.
670 ## - SOURCE DATA FOUND
- Source citation: Work cat.: (ARRUPE)58544: Madiebo, Alexander A., The Nigerian revolution and the Biafran war /, 1980.